Geography Quiz

Random Geography or Asia Quiz

Sightseeing in Asia Quiz Stats

 Plays Quiz Updated Nov 23, 2011

Challenge
Share
Tweet
Score 0/25 Timer 07:00
2 Plays Today
# City % Correct
1Beijing
93.4%
2Mecca
76.8%
9Dubai
72.2%
6Kuala Lumpur
65.1%
5Tokyo
59.4%
3Bangkok
53.5%
11Jerusalem
52.2%
7Agra
50.1%
12Mumbai
30.5%
19Baghdad
30%
8Osaka
27.9%
21Hong Kong
27.7%
13Tehran
27.3%
# City % Correct
20Pyongyang
27.1%
24Delhi
26.3%
23Seoul
25.9%
15Singapore
22.6%
14Shanghai
21.5%
18Kathmandu
16.6%
4Jakarta
15.5%
10Kolkata
15%
17Manila
14.8%
16Taipei
14.6%
22Kuwait City
12.6%
25Karachi
10.6%

You're not logged in!

Compare scores with friends on all Sporcle quizzes.
Join for Free
OR
Log In

You Might Also Like...

Show Comments

Extras

Top Quizzes Today


Score Distribution

Your Account Isn't Verified!

In order to create a playlist on Sporcle, you need to verify the email address you used during registration. Go to your Sporcle Settings to finish the process.

Report this User

Report this user for behavior that violates our Community Guidelines.

Details: